00309nam a22001097a 4500020001800000040000900018082001500027100002200042245007400064260003000138650003100168 a9781447163190 cNUST a006.37 KLE a Klette, Reinhard aConcise Computer Vision: bAn Introduction into Theory and Algorithms aLondon:bSpringer,c2014. aComputer vision.NUSTTB2022